01383cam a22003734i 4500003000900000005001700009008004100026020001500067035002700082040003300109082001800142110002800160245005200188264005200240300005500292336002100347337002500368338002300393490004200416505041300458526001000871526001000881526001000891526001000901526000800911526000800919526000800927526000800935526000800943526000800951526000800959650002700967650001500994PE-LiUPU20250731173552.0150616s r 000 0 d a0521219299 a(Sirsi) i9780521219297 aPE-LiUPUbspacPE-LiUPUerda04a296.09bU2212 aUniversity of Cambridge14aThe Hellenistic Age /cUniversity of Cambridge. 1aCambridge :bCambridge University Press,c1989. a738 páginas :bilustraciones ;c24 centímetros atext2rdacontent aunmediated2rdamedia avolume2rdacarrier0 aThe Cambridge History of Judaism ;v20 aThe archaeology of hellenistic Palestine.- The political and social history of Palestine from Alexander to Antionchus III (333-187 BC.).- Hebrew aramaic and Greek in the hellenistic age.- the diaspora in the hellenistic age.- The interpenetration of judaism and hellenism in the pre-maccabean period.- The men of the great synagogue.- The pharisaic leadreship after the great synagogue.- Antiochus IV.- Etc.. aSEG42 aSEG41 aSEG40 aSEG39 aP94 aP87 aP86 aP85 aP77 aP76 aP3504aCivilización griega.04aHelenismo.